000 00255nam a2200109Ia 4500
008 190216s9999||||xx |||||||||||||| ||und||
100 _aIvan Turgemev
245 0 _aPremathe Patti Moonu Kathakal
260 _bRaduga Pub
650 _aKathakal
942 _cBK
999 _c26635
_d26635